Čisté a prosté slovo

Bibliographic Details
Main Author: Mikolaj, Dušan, 1948- (Author)
Format: Article
Language:Slovak
PhysicalDescription:Fot. 1.
Subjects:

MARC

LEADER 00000nab a2200000 a 4500
001 vtls000328515
003 SK-MaSNL
005 20260304232605.0
008 160215c1988 xo 0 slo
015 |a SNBRB19rr/mm-uuuuu 
035 |a CL0328637 
040 |a SNKBUCL  |b slo  |c SNKBUCL  |e AACR2 
041 0 |a slo 
044 |a xo  |c SK 
080 |a 82:929:885.4  |2 1981 
080 |a 929  |2 1981 
080 |a 885.4  |2 1981 
080 |a 929 Haľamová, Masa  |2 1981 
100 1 |a Mikolaj, Dušan,  |d 1948-  |4 aut  |9 222298 
245 1 0 |a Čisté a prosté slovo  |c Dušan Mikolaj 
300 |b Fot. 1. 
600 0 7 |a Haľamová, Maša,  |d 1908-1995  |2 snkbucl  |9 107954 
655 7 |a články z novín a časopisov  |2 snkbucl  |9 267496 
655 7 |a články z odboru literárna veda a krásna literatúra  |2 snkbucl  |9 770045 
773 0 |t Slovensko  |g Roč. 12, č. 8 (1988), s. 18-19 
850 |a Slovenská národná knižnica v Martine  |a MTA001 
852 |a SNK  |b KIS3GCP 
958 |a BX 
958 |a RK 
958 |a LX 
992 |a RBX 
999 |c 3194621  |d 3196551